[Event "Queen Gambit (1600 - 2100)"]
[Site "SchemingMind.com"]
[Date "2007.12.29"]
[Round "-"]
[White "baobab"]
[Black "javilez"]
[Result "0-1"]
[WhiteCountry "ITA"]
[BlackCountry "NCA"]
[WhiteElo "1684"]
[WhiteRD "73"]
[BlackElo "1701"]
[BlackRD "64"]
[GameID "135361"]

1. d4 d5 2. c4 c6 3. Bf4 e6 4. a3 Nf6 5. e3 Nbd7 6. Nc3 dxc4 7. Bxc4 b5 8. Ba2 Bb7 9. Nf3 Be7 10. O-O O-O
11. Rc1 Nh5 12. Re1 Nxf4 13. exf4 a6 14. Ne5 Nxe5 15. fxe5 Rc8 16. Ne4 Qb6 17. Nc5 Bxc5 18. Rxc5 Rfd8 19. Qg4 b4 20. Re3 a5
21. Rg3 g6 22. Rh3 bxa3 23. Rb3 Qa7 24. Rxa3 Ra8 25. Rcxa5 Qxa5 26. Rxa5 Rxa5
0-1

[Event "Queen Gambit (1600 - 2100)"]
[Site "SchemingMind.com"]
[Date "2007.12.29"]
[Round "-"]
[White "javilez"]
[Black "baobab"]
[Result "0-1"]
[WhiteCountry "NCA"]
[BlackCountry "ITA"]
[WhiteElo "1701"]
[WhiteRD "64"]
[BlackElo "1684"]
[BlackRD "73"]
[GameID "135362"]

1. d4 d5 2. c4 c6 3. Nc3 Nf6 4. Bg5 e6 5. Nf3 h6 6. Bh4 Nbd7 7. e3 Be7 8. Be2 O-O 9. O-O b6 10. Qc2 c5
11. cxd5 exd5 12. dxc5 Nxc5 13. Rad1 Bb7 14. Bxf6 Bxf6 15. Nxd5 Bxd5 16. Bc4 Be4 17. Qe2 Qc7 18. Rc1 Rad8 19. b4 Nd3 20. Bxd3 Bxd3
21. Qxd3 Qxc1
0-1

[Event "Queen Gambit (1600 - 2100)"]
[Site "SchemingMind.com"]
[Date "2008.01.03"]
[Round "-"]
[White "Manuel Angel"]
[Black "javilez"]
[Result "1-0"]
[WhiteCountry "ESP"]
[BlackCountry "NCA"]
[WhiteElo "1967"]
[WhiteRD "73"]
[BlackElo "1569"]
[BlackRD "68"]
[GameID "135542"]

1. d4 d5 2. c4 c6 3. Nc3 e6 4. Nf3 Nf6 5. Bg5 Be7 6. e3 dxc4 7. Bxc4 b5 8. Bd3 a6 9. O-O Bb7 10. Qc2 Nbd7
11. a4 O-O 12. Rfc1 Rc8 13. Ne5 h6 14. Bxf6 Nxf6 15. Ne4 Nd5 16. Nc5
1-0

[Event "Queen Gambit (1600 - 2100)"]
[Site "SchemingMind.com"]
[Date "2008.01.03"]
[Round "-"]
[White "Manuel Angel"]
[Black "baobab"]
[Result "1-0"]
[WhiteCountry "ESP"]
[BlackCountry "ITA"]
[WhiteElo "1860"]
[WhiteRD "77"]
[BlackElo "1642"]
[BlackRD "73"]
[GameID "135543"]

1. d4 d5 2. c4 c6 3. Nf3 Nf6 4. Nc3 e6 5. Bg5 Be7 6. e3 O-O 7. Rc1 Nbd7 8. Bd3 Rb8 9. O-O b6 10. cxd5 cxd5
11. Bf4 Rb7 12. h3 Nb8 13. Re1 Nc6 14. Ba6 Rd7 15. Bb5 Bb7 16. Qa4 Qc8 17. Ne2 Qa8 18. Bxc6 Bxc6 19. Rxc6 Rc8 20. Rxc8+ Qxc8
21. Rc1 Qb7 22. Ne5 Rc7 23. Rxc7 Qxc7 24. Nxf7 Qb7 25. Ng5 Nh5 26. Qe8+
1-0

[Event "Queen Gambit (1600 - 2100)"]
[Site "SchemingMind.com"]
[Date "2008.01.03"]
[Round "-"]
[White "javilez"]
[Black "Manuel Angel"]
[Result "0-1"]
[WhiteCountry "NCA"]
[BlackCountry "ESP"]
[WhiteElo "1569"]
[WhiteRD "68"]
[BlackElo "1967"]
[BlackRD "73"]
[GameID "135544"]

1. d4 d5 2. c4 e6 3. Nc3 Nf6 4. Nf3 c6 5. Bg5 Nbd7 6. e3 Qa5 7. Nd2 Bb4 8. Qc2 O-O 9. Bd3 dxc4 10. Bxc4 Qxg5
11. O-O Nb6 12. Bd3 Qh5 13. Nf3 Nbd5 14. Ne4 Nxe4 15. Bxe4 f6 16. a3 Be7
0-1

[Event "Queen Gambit (1600 - 2100)"]
[Site "SchemingMind.com"]
[Date "2008.01.03"]
[Round "-"]
[White "baobab"]
[Black "Manuel Angel"]
[Result "0-1"]
[WhiteCountry "ITA"]
[BlackCountry "ESP"]
[WhiteElo "1691"]
[WhiteRD "77"]
[BlackElo "1828"]
[BlackRD "78"]
[GameID "135545"]

1. d4 d5 2. c4 c6 3. Nc3 Nf6 4. Bg5 e6 5. e3 Nbd7 6. cxd5 exd5 7. Qc2 Bd6 8. Bd3 h6 9. Bh4 O-O 10. Nf3 Re8
11. O-O Nb6 12. h3 Bc7 13. a4 a5 14. e4 g5 15. e5 gxh4 16. exf6 Qxf6 17. Rfe1 Bxh3 18. Nb5 Rxe1+ 19. Rxe1 Bxg2 20. Kxg2 h3+
21. Kxh3 Qxf3+
0-1

[Event "Queen Gambit (1600 - 2100)"]
[Site "SchemingMind.com"]
[Date "2007.12.30"]
[Round "-"]
[White "andy146"]
[Black "javilez"]
[Result "1-0"]
[WhiteCountry "POL"]
[BlackCountry "NCA"]
[WhiteElo "1721"]
[WhiteRD "74"]
[BlackElo "1569"]
[BlackRD "68"]
[GameID "135621"]

1. d4 d5 2. c4 c6 3. Nc3 e6 4. e4 dxe4 5. Nxe4 Bb4+ 6. Bd2 Qxd4 7. Bxb4 Qxe4+ 8. Qe2 Qxe2+ 9. Bxe2 Nf6 10. Nf3 Nbd7
11. O-O c5 12. Bc3 b6 13. Rfd1 O-O 14. Rd3 Bb7 15. Rad1 Rfe8 16. Ne5 Nxe5 17. Bxe5 Kf8 18. h4 Bc6 19. g4 Nd7 20. Rxd7 Bxd7
21. Rxd7 Red8 22. Rxd8+ Rxd8 23. g5 h6 24. f4 hxg5 25. hxg5 g6 26. Kf2 Rd2 27. Kf3 Ke7 28. Ke3
1-0

[Event "Queen Gambit (1600 - 2100)"]
[Site "SchemingMind.com"]
[Date "2007.12.30"]
[Round "-"]
[White "andy146"]
[Black "baobab"]
[Result "1-0"]
[WhiteCountry "POL"]
[BlackCountry "ITA"]
[WhiteElo "1770"]
[WhiteRD "82"]
[BlackElo "1684"]
[BlackRD "73"]
[GameID "135622"]

1. d4 d5 2. c4 dxc4 3. e4 Nc6 4. Be3 Nf6 5. Nc3 a6 6. Bxc4 e6 7. Nf3 Bb4 8. O-O O-O 9. a3 Ba5 10. Rc1 Bxc3
11. bxc3 Nxe4 12. d5 Na5 13. Ba2 Qf6 14. Bd4 Qg6 15. Ne5 Qg5 16. Re1 exd5 17. Bxd5 Nf6 18. Bxf7+ Rxf7 19. Nxf7 Kxf7 20. Re5 Qf4
21. Rxa5 Bg4 22. f3 Bh5 23. Qb3+
1-0

[Event "Queen Gambit (1600 - 2100)"]
[Site "SchemingMind.com"]
[Date "2008.01.04"]
[Round "-"]
[White "andy146"]
[Black "Manuel Angel"]
[Result "0-1"]
[WhiteCountry "POL"]
[BlackCountry "ESP"]
[WhiteElo "1720"]
[WhiteRD "81"]
[BlackElo "1860"]
[BlackRD "77"]
[GameID "135623"]

1. d4 d5 2. c4 c6 3. Nc3 Nf6 4. Nf3 e6 5. Bg5 Nbd7 6. e3 Qa5 7. Bxf6 Nxf6 8. Qc2 Bb4 9. Bd3 dxc4 10. Bxc4 Nd5
11. Bxd5 exd5 12. O-O O-O 13. a3 Bd6 14. b4 Qd8 15. Na4 Re8 16. Nc5 Qf6 17. Rfc1 Bf5 18. Qa4 Qe7 19. b5 b6 20. Na6 c5
21. Rc2 Bxc2 22. Qxc2 c4 23. Nb4 Bxb4 24. axb4 Qxb4 25. Rb1 Qa3 26. Qf5 Qd6 27. Ng5 Qg6 28. Qxg6 hxg6 29. Kf1 a5 30. Nh3 a4
0-1

[Event "Queen Gambit (1600 - 2100)"]
[Site "SchemingMind.com"]
[Date "2007.12.30"]
[Round "-"]
[White "javilez"]
[Black "andy146"]
[Result "0-1"]
[WhiteCountry "NCA"]
[BlackCountry "POL"]
[WhiteElo "1569"]
[WhiteRD "68"]
[BlackElo "1721"]
[BlackRD "74"]
[GameID "135624"]

1. d4 d5 2. c4 c6 3. Nc3 Nf6 4. Bg5 e6 5. Nf3 dxc4 6. a4 Bb4 7. e4 Bxc3+ 8. bxc3 b5 9. e5 h6 10. Bh4 g5
11. Nxg5 hxg5 12. Bxg5 Nbd7 13. exf6 Bb7 14. f3 Nb6 15. axb5 cxb5 16. Be2 Qc7 17. Qd2 Rxh2 18. Kf2 Nd5 19. Bh4 Rxh1 20. Rxh1 O-O-O
21. Bg3 Qa5 22. Rc1 Rg8 23. Bd1 Qd8 24. Qe2 Qxf6 25. Qe5 Qxe5 26. Bxe5 Kd7 27. Bc2 f6
0-1

[Event "Queen Gambit (1600 - 2100)"]
[Site "SchemingMind.com"]
[Date "2008.01.03"]
[Round "-"]
[White "Manuel Angel"]
[Black "andy146"]
[Result "1-0"]
[WhiteCountry "ESP"]
[BlackCountry "POL"]
[WhiteElo "1828"]
[WhiteRD "78"]
[BlackElo "1762"]
[BlackRD "82"]
[GameID "135626"]

1. d4 d5 2. c4 c6 3. Nc3 Nf6 4. Nf3 e6 5. e3 Nbd7 6. Bd3 dxc4 7. Bxc4 b5 8. Bd3 Be7 9. O-O O-O 10. Qc2 Bb7
11. e4 c5 12. e5 Nd5 13. Bxh7+ Kh8 14. Be4 Rc8 15. Bxd5 exd5 16. Nxb5 cxd4 17. Qf5 f6 18. e6 Nc5 19. Nh4 Kg8 20. Ng6 Nxe6
21. Qxe6+ Kh7 22. Nxe7 Re8 23. Qh3#
1-0

[Event "Queen Gambit (1600 - 2100)"]
[Site "SchemingMind.com"]
[Date "2008.01.02"]
[Round "-"]
[White "TRFz"]
[Black "javilez"]
[Result "1/2-1/2"]
[WhiteCountry "GBR"]
[BlackCountry "NCA"]
[WhiteElo "2068"]
[WhiteRD "62"]
[BlackElo "1730"]
[BlackRD "70"]
[GameID "135659"]

1. d4 d5 2. c4 c6 3. Nc3 e6 4. Nf3 Nf6 5. Bg5 Nbd7 6. e3 dxc4 7. Bxc4 b5 8. Bd3 Be7 9. O-O a6 10. Rc1 Bb7
11. Qe2 O-O 12. Ne4 Nxe4 13. Bxe7 Qxe7 14. Bxe4 Rac8 15. a3 Nf6 16. Bb1 c5 17. dxc5 Rxc5 18. b4 Rc6 19. Rxc6 Bxc6 20. Rc1 Qb7
21. Ne1 Rc8 22. f3 Bd5 23. Rxc8+=
1/2-1/2

[Event "Queen Gambit (1600 - 2100)"]
[Site "SchemingMind.com"]
[Date "2007.12.30"]
[Round "-"]
[White "TRFz"]
[Black "baobab"]
[Result "1-0"]
[WhiteCountry "GBR"]
[BlackCountry "ITA"]
[WhiteElo "2012"]
[WhiteRD "69"]
[BlackElo "1684"]
[BlackRD "73"]
[GameID "135660"]

1. d4 d5 2. c4 e6 3. Nc3 Nf6 4. Bg5 Be7 5. e3 O-O 6. Rc1 h6 7. Bh4 c6 8. Nf3 Qa5 9. Bd3 Na6 10. cxd5 cxd5
11. a3 Re8 12. O-O b6 13. Qe2 Rb8 14. Ne5 Nd7 15. Nc6
1-0

[Event "Queen Gambit (1600 - 2100)"]
[Site "SchemingMind.com"]
[Date "2008.01.04"]
[Round "-"]
[White "TRFz"]
[Black "Manuel Angel"]
[Result "1/2-1/2"]
[WhiteCountry "GBR"]
[BlackCountry "ESP"]
[WhiteElo "2049"]
[WhiteRD "54"]
[BlackElo "1828"]
[BlackRD "78"]
[GameID "135661"]

1. d4 d5 2. c4 c6 3. Nc3 Nf6 4. Nf3 e6 5. Bg5 Be7 6. e3 O-O 7. Rc1 Nbd7 8. Bd3 dxc4 9. Bxc4 h6 10. Bh4 a6
11. O-O b5 12. Be2 Bb7 13. Qc2 Rc8 14. Rfd1 c5 15. dxc5 Rxc5 16. b4 Rc8 17. Qb1 Re8 18. e4 Qb6 19. e5 Ng4 20. Bg3 Red8
21. Ne4=
1/2-1/2

[Event "Queen Gambit (1600 - 2100)"]
[Site "SchemingMind.com"]
[Date "2007.12.30"]
[Round "-"]
[White "TRFz"]
[Black "andy146"]
[Result "1-0"]
[WhiteCountry "GBR"]
[BlackCountry "POL"]
[WhiteElo "2068"]
[WhiteRD "62"]
[BlackElo "1805"]
[BlackRD "79"]
[GameID "135662"]

1. d4 d5 2. c4 c6 3. Nc3 Nf6 4. Nf3 e6 5. Bg5 Be7 6. e3 O-O 7. Rc1 h6 8. Bh4 Nbd7 9. Bd3 dxc4 10. Bxc4 b5
11. Bd3 a6 12. O-O Bb7 13. Ne4 Rc8 14. Nxf6+ Nxf6 15. Bxf6 Bxf6 16. b4 a5 17. bxa5 Qxa5 18. Nd2 Qxa2 19. Nb3 Qa3 20. Nc5 Qa8
21. Nd7 Rfd8 22. Nb6 Qb8 23. Nxc8 Rxc8 24. Be4 Qd6 25. f4 Ra8 26. Ra1 Rxa1 27. Qxa1 g6 28. Qa7
1-0

[Event "Queen Gambit (1600 - 2100)"]
[Site "SchemingMind.com"]
[Date "2008.01.02"]
[Round "-"]
[White "javilez"]
[Black "TRFz"]
[Result "0-1"]
[WhiteCountry "NCA"]
[BlackCountry "GBR"]
[WhiteElo "1569"]
[WhiteRD "68"]
[BlackElo "2111"]
[BlackRD "61"]
[GameID "135663"]

1. d4 d5 2. c4 c6 3. Nc3 Nf6 4. Bg5 dxc4 5. e3 b5 6. a4 b4 7. Na2 Ne4 8. Bh4 b3 9. Nc3 Nxc3 10. bxc3 Qd5
11. Nf3 Bf5 12. Ne5 Qe4 13. Bg3 b2 14. Bxc4 e6 15. O-O bxa1=Q 16. Qxa1 f6 17. Nf3 Nd7 18. Qb2 Nb6 19. Bb3 Rd8 20. Rc1 Bd6
21. Bc2 Qd5 22. Bb3 Qa5 23. Bxd6 Rxd6 24. c4 c5 25. Qa3 Rc6 26. d5 exd5
0-1

[Event "Queen Gambit (1600 - 2100)"]
[Site "SchemingMind.com"]
[Date "2007.12.30"]
[Round "-"]
[White "baobab"]
[Black "TRFz"]
[Result "0-1"]
[WhiteCountry "ITA"]
[BlackCountry "GBR"]
[WhiteElo "1684"]
[WhiteRD "73"]
[BlackElo "2012"]
[BlackRD "69"]
[GameID "135664"]

1. d4 d5 2. c4 c6 3. Nc3 Nf6 4. Bg5 dxc4 5. e4 b5 6. Nf3 b4 7. e5 bxc3 8. bxc3 Nd5 9. Qc2 Qa5 10. Bd2 Bg4
11. Be2 e6 12. O-O Be7 13. h3 Bf5 14. Qb2 O-O 15. Bxc4 Nd7 16. Kh1 Rab8 17. Qc1 Ba3 18. Qe1 Bb2 19. Rb1 Bxb1
0-1

[Event "Queen Gambit (1600 - 2100)"]
[Site "SchemingMind.com"]
[Date "2008.01.03"]
[Round "-"]
[White "Manuel Angel"]
[Black "TRFz"]
[Result "1/2-1/2"]
[WhiteCountry "ESP"]
[BlackCountry "GBR"]
[WhiteElo "1828"]
[WhiteRD "78"]
[BlackElo "2049"]
[BlackRD "54"]
[GameID "135665"]

1. d4 d5 2. c4 c6 3. Nf3 Nf6 4. Nc3 dxc4 5. e3 b5 6. a4 b4 7. Na2 e6 8. Bxc4 Ba6 9. Bxa6 Nxa6 10. O-O c5
11. Bd2 Ne4 12. Qe2 Qa5 13. Rfc1 Rd8 14. Qe1 Nxd2 15. Nxd2 cxd4 16. Nb3 Qxa4=
1/2-1/2

[Event "Queen Gambit (1600 - 2100)"]
[Site "SchemingMind.com"]
[Date "2007.12.30"]
[Round "-"]
[White "andy146"]
[Black "TRFz"]
[Result "0-1"]
[WhiteCountry "POL"]
[BlackCountry "GBR"]
[WhiteElo "1805"]
[WhiteRD "79"]
[BlackElo "2068"]
[BlackRD "62"]
[GameID "135666"]

1. d4 d5 2. c4 c6 3. Nc3 Nf6 4. Nf3 dxc4 5. a4 Bf5 6. Ne5 e6 7. f3 Bb4 8. e4 Bg6 9. Bxc4 Nbd7 10. O-O Nxe5
11. dxe5 Nd7 12. f4 Bc5+ 13. Kh1 Nb6 14. Bb3 Qxd1 15. Bxd1 h6 16. f5 Bh7 17. fxe6 fxe6 18. Bh5+ Kd8 19. Rf7 Rf8 20. Rxf8+ Bxf8
21. Be3 Bb4 22. Rf1 Bg8 23. Bf7 Kd7 24. Bxg8 Rxg8 25. Rf7+ Kc8 26. Na2 Rf8 27. Rf3 Be7 28. Nc3 Nc4 29. Rxf8+ Bxf8
0-1

[Event "Queen Gambit (1600 - 2100)"]
[Site "SchemingMind.com"]
[Date "2008.01.04"]
[Round "-"]
[White "Lazaro"]
[Black "TRFz"]
[Result "0-1"]
[WhiteCountry "CUB"]
[BlackCountry "GBR"]
[WhiteElo "1484"]
[WhiteRD "56"]
[BlackElo "2083"]
[BlackRD "55"]
[GameID "135694"]

1. d4 d5 2. c4 c6 3. Nc3 Nf6 4. Nf3 dxc4 5. a4 Bf5 6. e3 e6 7. Bxc4 Bb4 8. O-O O-O 9. Qe2 Nbd7 10. e4 Bg6
11. Bd3 Bh5 12. Bf4 Re8 13. e5= Nd5
0-1

[Event "Queen Gambit (1600 - 2100)"]
[Site "SchemingMind.com"]
[Date "2007.12.31"]
[Round "-"]
[White "TRFz"]
[Black "Lazaro"]
[Result "1-0"]
[WhiteCountry "GBR"]
[BlackCountry "CUB"]
[WhiteElo "2049"]
[WhiteRD "54"]
[BlackElo "1507"]
[BlackRD "47"]
[GameID "135699"]

1. d4 d5 2. c4 e6 3. Nc3 c6 4. Nf3 dxc4 5. a4 Bb4 6. e4 b5 7. Bg5 Ne7 8. Be2 O-O 9. O-O Ba6 10. Qc2 f6
11. Be3 Qd6 12. Rfd1 Rd8 13. d5
1-0

[Event "Queen Gambit (1600 - 2100)"]
[Site "SchemingMind.com"]
[Date "2008.01.05"]
[Round "-"]
[White "kisei"]
[Black "javilez"]
[Result "1-0"]
[WhiteCountry "HUN"]
[BlackCountry "NCA"]
[WhiteElo "2115"]
[WhiteRD "70"]
[BlackElo "1653"]
[BlackRD "71"]
[GameID "135712"]

1. d4 d5 2. c4 c6 3. Nf3 e6 4. Nc3 Nf6 5. Bg5 Nbd7 6. e3 dxc4 7. Bxc4 b5 8. Bd3 a6 9. O-O Be7 10. Qc2 Bb7
11. Ne4 Rc8 12. Nc5
1-0

[Event "Queen Gambit (1600 - 2100)"]
[Site "SchemingMind.com"]
[Date "2008.01.01"]
[Round "-"]
[White "kisei"]
[Black "baobab"]
[Result "1-0"]
[WhiteCountry "HUN"]
[BlackCountry "ITA"]
[WhiteElo "2098"]
[WhiteRD "70"]
[BlackElo "1691"]
[BlackRD "77"]
[GameID "135713"]

1. d4 d5 2. c4 e6 3. Nc3 Nf6 4. Nf3 Bb4 5. cxd5 Nxd5 6. Qb3 Nc6 7. e4 Nf6 8. Bb5 Bxc3+ 9. Qxc3 Bd7 10. O-O Nxe4
11. Qb3 O-O 12. Bd3 Na5 13. Qa3 b6 14. Bxe4 Bc6 15. Bxh7+ Kxh7 16. Ng5+
1-0

[Event "Queen Gambit (1600 - 2100)"]
[Site "SchemingMind.com"]
[Date "2008.01.05"]
[Round "-"]
[White "kisei"]
[Black "Manuel Angel"]
[Result "0-1"]
[WhiteCountry "HUN"]
[BlackCountry "ESP"]
[WhiteElo "1990"]
[WhiteRD "80"]
[BlackElo "2004"]
[BlackRD "81"]
[GameID "135714"]

1. d4 d5 2. c4 c6 3. Nf3 Nf6 4. Nc3 e6 5. Bg5 Nbd7 6. e3 Qa5 7. Nd2 Bb4 8. Qc2 O-O 9. Be2 dxc4 10. Bxf6 Nxf6
11. Nxc4 Qc7 12. a3 Be7 13. O-O-O Nd5 14. Bd3 f5 15. g4 Bh4 16. Rhf1 g6 17. gxf5 exf5 18. Ne5 Qd6 19. Kb1 Be6 20. Bc4 a6
21. Nd3 Rf7 22. Ne2 a5 23. Nc5 Bc8 24. Nf4 Bg5 25. Ncd3 Bxf4 26. Nxf4 Be6 27. Nxe6 Qxe6 28. h4 b5 29. Bd3 b4 30. a4 h6
31. Rc1 Rf6 32. Rg1 Kh8 33. Ka1 Kg7 34. Qc5 Qd6 35. Bc4 Qxc5 36. dxc5 Kf7 37. Rgd1 Ke6 38. f3 Ke5 39. Bxd5 cxd5 40. c6 Rc8
41. Rc5 Rd6 42. Rxa5 Rcxc6 43. Rb5 Rc4 44. Rh1 b3 45. a5 f4 46. exf4+ Kxf4 47. Rxb3 Ra4+ 48. Ra3 Rxa3+ 49. bxa3 Ra6 50. Kb2 Rxa5
51. Rh3 d4 52. Kb3 Rc5 53. Kb4 Rc1 54. a4 d3 55. Rh2 Ke3 56. a5 d2
0-1

[Event "Queen Gambit (1600 - 2100)"]
[Site "SchemingMind.com"]
[Date "2008.01.01"]
[Round "-"]
[White "kisei"]
[Black "andy146"]
[Result "1-0"]
[WhiteCountry "HUN"]
[BlackCountry "POL"]
[WhiteElo "2115"]
[WhiteRD "70"]
[BlackElo "1720"]
[BlackRD "81"]
[GameID "135715"]

1. d4 d5 2. c4 c6 3. Nf3 Nf6 4. Nc3 e6 5. Bg5 Nbd7 6. e3 Be7 7. cxd5 exd5 8. Qc2 O-O 9. Bd3 h6 10. Bh4 Bd6
11. O-O Qc7 12. Rac1 Re8 13. Nb5 Qb8 14. Nxd6 Qxd6 15. Bg3 Qe7 16. Rfe1 Nh5 17. e4 Ndf6 18. exd5 Nxd5 19. Rxe7
1-0

[Event "Queen Gambit (1600 - 2100)"]
[Site "SchemingMind.com"]
[Date "2008.01.01"]
[Round "-"]
[White "kisei"]
[Black "TRFz"]
[Result "1/2-1/2"]
[WhiteCountry "HUN"]
[BlackCountry "GBR"]
[WhiteElo "2098"]
[WhiteRD "70"]
[BlackElo "2049"]
[BlackRD "54"]
[GameID "135716"]

1. d4 d5 2. c4 c6 3. Nf3 Nf6 4. Nc3 dxc4 5. a4 Bf5 6. e3 e6 7. Bxc4 Bb4 8. O-O O-O 9. Nh4 Bg4 10. Qb3 a5
11. f3 Bh5 12. Na2 Nd5 13. Nxb4 Nxb4 14. g3 c5 15. dxc5 Nd7 16. Qc3 Nxc5=
1/2-1/2

[Event "Queen Gambit (1600 - 2100)"]
[Site "SchemingMind.com"]
[Date "2008.01.02"]
[Round "-"]
[White "javilez"]
[Black "kisei"]
[Result "0-1"]
[WhiteCountry "NCA"]
[BlackCountry "HUN"]
[WhiteElo "1569"]
[WhiteRD "68"]
[BlackElo "2093"]
[BlackRD "71"]
[GameID "135718"]

1. d4 d5 2. c4 e6 3. Nc3 Nf6 4. Nf3 c6 5. Bg5 dxc4 6. a4 Bb4 7. e3 b5 8. Be2 Bb7 9. O-O a6 10. e4 O-O
11. e5 h6 12. Bh4 g5 13. Nxg5 hxg5 14. Bxg5 Nbd7 15. exf6 Nxf6
0-1

[Event "Queen Gambit (1600 - 2100)"]
[Site "SchemingMind.com"]
[Date "2007.12.31"]
[Round "-"]
[White "baobab"]
[Black "kisei"]
[Result "0-1"]
[WhiteCountry "ITA"]
[BlackCountry "HUN"]
[WhiteElo "1646"]
[WhiteRD "78"]
[BlackElo "2093"]
[BlackRD "71"]
[GameID "135719"]

1. d4 d5 2. c4 e6 3. Nf3 Nf6 4. Bg5 Be7 5. Nc3 O-O 6. h4 Nc6 7. Qb3 Na5 8. Qb5 Nxc4 9. e3 c6 10. Qb3 Qb6
11. Bxc4 dxc4 12. Qxb6 axb6 13. a3 h6 14. Bf4 Nd5 15. Be5 Nb4 16. O-O Nd3 17. Rab1 f6 18. Bc7 b5 19. h5 e5 20. dxe5 Bg4
21. Nh2 Bxh5 22. f4 Bc5 23. exf6 Rxf6 24. Ne4 Bxe3+ 25. Kh1 Rf7 26. Be5 Bg6 27. Ng4 Bxe4 28. Nxe3 Nxe5 29. Rbe1 Nd3 30. Re2 Nxf4
31. Ref2 Raf8 32. Kh2 Nd3
0-1

[Event "Queen Gambit (1600 - 2100)"]
[Site "SchemingMind.com"]
[Date "2008.01.03"]
[Round "-"]
[White "Manuel Angel"]
[Black "kisei"]
[Result "1-0"]
[WhiteCountry "ESP"]
[BlackCountry "HUN"]
[WhiteElo "1967"]
[WhiteRD "73"]
[BlackElo "2093"]
[BlackRD "71"]
[GameID "135720"]

1. d4 d5 2. c4 e6 3. Nf3 Nf6 4. Nc3 Be7 5. e3 O-O 6. Bd3 dxc4 7. Bxc4 c5 8. O-O Nc6 9. dxc5 Bxc5 10. Qc2 Bd7
11. Rd1 a6 12. Bd2 b5 13. Be2 Qe7 14. Rac1 Bd6 15. Ne4 Nxe4 16. Qxe4 f5 17. Qd3 Rac8 18. Bc3 Nb4 19. Qxd6 Qxd6 20. Rxd6 Nxa2
21. Ra1 Nxc3 22. bxc3
1-0

[Event "Queen Gambit (1600 - 2100)"]
[Site "SchemingMind.com"]
[Date "2007.12.31"]
[Round "-"]
[White "andy146"]
[Black "kisei"]
[Result "1/2-1/2"]
[WhiteCountry "POL"]
[BlackCountry "HUN"]
[WhiteElo "1622"]
[WhiteRD "62"]
[BlackElo "2093"]
[BlackRD "76"]
[GameID "135721"]

1. d4 d5 2. c4 e6 3. Nc3 Nf6 4. Nf3 Be7 5. Bg5 h6 6. Bh4 O-O 7. e3 dxc4 8. Bxc4 c5 9. O-O Nc6 10. Bxf6 Bxf6
11. dxc5 Bxc3 12. bxc3 Qc7 13. Qc2 Ne5 14. Nxe5 Qxe5 15. Rab1 Qxc5 16. Qe4 Bd7 17. Rfd1 Bc6 18. Qd4 Qxd4 19. cxd4 Rfc8 20. Rdc1 b6
21. Rb2 Bd5 22. Rbc2 Bxc4 23. Rxc4 Rxc4 24. Rxc4 Kf8 25. f4 Ke7 26. Rc7+ Kf6 27. Kf2 b5 28. g4 a5 29. h4 b4 30. e4 g6
31. e5+= Kg7 32. Ke3 a4 33. f5 gxf5 34. gxf5 exf5 35. Kf4 b3 36. axb3 a3 37. Rc1 a2=
1/2-1/2

[Event "Queen Gambit (1600 - 2100)"]
[Site "SchemingMind.com"]
[Date "2007.12.31"]
[Round "-"]
[White "TRFz"]
[Black "kisei"]
[Result "1/2-1/2"]
[WhiteCountry "GBR"]
[BlackCountry "HUN"]
[WhiteElo "2068"]
[WhiteRD "62"]
[BlackElo "2093"]
[BlackRD "72"]
[GameID "135722"]

1. d4 d5 2. c4 e6 3. Nc3 Nf6 4. Bg5 Be7 5. e3 h6 6. Bh4 O-O 7. Nf3 c5 8. cxd5 Nxd5 9. Bxe7 Qxe7 10. Nxd5 exd5
11. dxc5 Qxc5 12. Qd4 Qd6 13. Rc1=
1/2-1/2

[Event "Queen Gambit (1600 - 2100)"]
[Site "SchemingMind.com"]
[Date "2008.01.01"]
[Round "-"]
[White "schakert"]
[Black "kisei"]
[Result "0-1"]
[WhiteCountry "NED"]
[BlackCountry "HUN"]
[WhiteElo "1757"]
[WhiteRD "79"]
[BlackElo "2115"]
[BlackRD "70"]
[GameID "135781"]

1. d4 d5 2. c4 e6 3. Nf3 Nf6 4. Nc3 c6 5. e3 Nbd7 6. Be2 dxc4 7. Bxc4 Bb4 8. O-O O-O 9. a3 Bxc3 10. bxc3 b6
11. Re1 Ne4 12. a4 c5 13. Qc2 Bb7 14. Bb2 Nd6 15. Ba2 Bxf3 16. gxf3 Qf6 17. f4 cxd4 18. cxd4 Rac8 19. Qd3 Qh4 20. Kh1 Qxf2
21. Re2 Ne4 22. Bb1 Qf1#
0-1

[Event "Queen Gambit (1600 - 2100)"]
[Site "SchemingMind.com"]
[Date "2008.01.02"]
[Round "-"]
[White "schakert"]
[Black "javilez"]
[Result "0-1"]
[WhiteCountry "NED"]
[BlackCountry "NCA"]
[WhiteElo "1880"]
[WhiteRD "72"]
[BlackElo "1701"]
[BlackRD "64"]
[GameID "135782"]

1. d4 d5 2. c4 c6 3. Nf3 Nf6 4. Nc3 e6 5. Bg5 Nbd7 6. e3 dxc4 7. Bxc4 b5 8. Be2 Be7 9. a3 a6 10. O-O O-O
11. e4 Bb7 12. b4 a5 13. d5 exd5 14. e5 Ne8 15. Be3 axb4 16. axb4 Bxb4 17. Qb3 Qe7 18. Na2 Bc5 19. Bg5 f6 20. Bh4 Nxe5
21. Rfe1 Qc7
0-1

[Event "Queen Gambit (1600 - 2100)"]
[Site "SchemingMind.com"]
[Date "2007.12.31"]
[Round "-"]
[White "schakert"]
[Black "baobab"]
[Result "1-0"]
[WhiteCountry "NED"]
[BlackCountry "ITA"]
[WhiteElo "1880"]
[WhiteRD "72"]
[BlackElo "1684"]
[BlackRD "73"]
[GameID "135783"]

1. d4 d5 2. c4 c6 3. f3 Nf6 4. cxd5 Nxd5 5. e4 Nf6 6. Be3 Qc7 7. Ne2 e5 8. Nec3 Bb4 9. Bc4 O-O 10. O-O Rd8
11. Qb3 b5 12. dxe5 Bxc3 13. Qxc3 Nxe4 14. Bxf7+ Qxf7 15. fxe4 Qg6 16. Nd2 Be6 17. Bc5 Qg5 18. Bd6 a5 19. Nf3 Qg6 20. Qe3 a4
21. Qg5 Qxg5 22. Nxg5 Bc4 23. Rfc1 Nd7 24. e6 Nf8 25. e5 Nxe6 26. Rxc4 Nxg5 27. Rxc6 Ne4 28. Rac1 Rd7 29. Bb4 Re8 30. e6 Rd4
31. Rc8 Rdd8 32. Rxd8 Rxd8 33. h4 h6 34. g4 Ng3 35. Kg2 Ne2 36. Rf1 Nd4 37. e7
1-0

[Event "Queen Gambit (1600 - 2100)"]
[Site "SchemingMind.com"]
[Date "2008.01.03"]
[Round "-"]
[White "schakert"]
[Black "andy146"]
[Result "1-0"]
[WhiteCountry "NED"]
[BlackCountry "POL"]
[WhiteElo "1880"]
[WhiteRD "72"]
[BlackElo "1770"]
[BlackRD "82"]
[GameID "135785"]

1. d4 d5 2. c4 c6 3. Nf3 Nf6 4. Bf4 Bg4 5. h3 Bxf3 6. exf3 Nbd7 7. Nc3 dxc4 8. Bxc4 e6 9. O-O Be7 10. Ne4 O-O
11. Bd3 Qb6 12. Rb1 Rfd8 13. Nd6 c5 14. Nc4 Qc7 15. Bxc7
1-0